000 00251nam a22000857a 4500
008 161014b xxu||||| |||| 00| 0 eng d
100 _9843
_aR.R. Mishra
245 _aNew Course Science & Technology Chemistry-IX
260 _aNew Delhi
_bArya Publications
_c2005
999 _c3493
_d3493